Justicia social
Guardado en:
| Autor principal: | |
|---|---|
| Otros Autores: | , , , |
| Formato: | Libro |
| Lenguaje: | español |
| Publicado: |
Ciudad de México, México
Libreros Mexicanos Unidos
1965
|
| Colección: | El Mundo de Hoy
|
| Materias: | |
| Etiquetas: |
Agregar Etiqueta
Sin Etiquetas, Sea el primero en etiquetar este registro!
|
MARC
| LEADER | 00000nam a2200000 a 4500 | ||
|---|---|---|---|
| 001 | UCS2319 | ||
| 003 | CL-VaPUC | ||
| 005 | 20230525074424.0 | ||
| 008 | 970523e19650000MX |||||||||||||||||spa|d | ||
| 999 | |c 260291 |d 260289 | ||
| 040 | |c Pontificia Universidad Católica de Valparaíso | ||
| 082 | 0 | 4 | |a 344.02 BOU 1965 |2 21 |
| 100 | 0 | |a Boulding, Kenneth E |9 387627 | |
| 245 | 1 | 0 | |a Justicia social |
| 260 | 0 | 3 | |a Ciudad de México, México |b Libreros Mexicanos Unidos |c 1965 |
| 300 | |a 219 páginas | ||
| 490 | 0 | |a El Mundo de Hoy | |
| 583 | |a last modification |c 19970523 00:00:00 |k Rodrigo Vera | ||
| 650 | 0 | |a Seguridad social |9 255322 | |
| 650 | 0 | |a Cambio social |9 256857 | |
| 650 | 0 | |a Derechos humanos |9 223025 | |
| 650 | 0 | |a Bienestar social |9 255298 | |
| 700 | 0 | |a Frankena, William K |9 387628 | |
| 700 | 0 | |a Freund, Paul A |9 387629 | |
| 700 | 0 | |a Gewirth, Alan |9 387630 | |
| 700 | 0 | |a Vlastos, Gregory |9 387631 | |
| 942 | |c BK |2 ddc | ||
| 945 | |d 19970523 00:00:00 |a cmena | ||
| 952 | |0 0 |1 0 |2 ddc |4 0 |6 344_020000000000000_BOU_1965 |7 0 |8 A |9 286259 |a BIBDER |b BIBDER |d 2019-11-19 |i 1860518 |o 344.02 BOU 1965 |p 1860518 |r 2023-01-25 |t 1 |w 2019-11-19 |y BK |k DER | ||
| 952 | |0 0 |1 0 |2 ddc |4 0 |6 344_020000000000000_BOU_1965 |7 0 |8 DER_TF |9 286260 |a BIBDER |b BIBDER |d 2019-11-19 |i 1884654 |l 1 |o 344.02 BOU 1965 |p 1884654 |r 2023-01-25 |s 2020-03-17 |t 2 |w 2019-11-19 |x Ubicación 4to Piso |y BK |z Estos recursos deben solicitarse con anticipación |k DER | ||